000 00641nam a2200229Ia 4500
001 dia_7071
003 CHAP
008 220117s1971 xx 000 0 und d
010 _a178262
040 _cCHAP
090 _aF 412 1971
110 _aFAO
_939428
245 _aInforme del octavo periodo de sesiones del Comité coordinador para Europa : métodos de análisis de las aguas minerales naturales
260 _aAustria :
_b FAO :,
_b OMS,
_c1971
300 _a13 p.
901 _aF 412 1971
902 _aM
905 _a0000001971 au 0000000000SPA00
942 _c12
942 _c12
999 _c178262
_d178262